000 00407nam a2200133Ia 4500
008 100328s9999 xx 000 0 und d
082 _b6711
100 _aवरेरकर भार्गवराम विठ्ठल
245 _aसोन्याचा कळस
260 _b---
630 _aसोन्याचा कळस
730 _aसोन्याचा कळस
942 _cBOOK
999 _c502583
_d502580